[Event "Open A"]
[Site "Arco HUN"]
[Date "2005.10.30"]
[Round "9"]
[White "Caruana,F"]
[Black "Schacher,G"]
[Result "1/2-1/2"]
[WhiteElo "2373"]
[BlackElo "2258"]

1.e4 c5 2.Nf3 d6 3.Bb5+ Nd7 4.O-O a6 5.Bxd7+ Bxd7 6.d4 cxd4 7.Qxd4 e5 8.Qd3 h6
9.c4 Nf6 10.Nc3 Be7 11.b3 Rc8 12.a4 O-O 13.Ba3 Be6 14.Rfd1 Qa5 15.Nd5 Bxd5
16.cxd5 Rc3 17.Qe2 Rfc8 18.Nxe5 Rxb3 19.Nf3 Qc3 20.Rac1 Rxa3 21.Rxc3 Raxc3
22.e5 Rc2 23.Qe3 Ng4 24.Qf4 Nxe5 25.Nxe5 dxe5 26.Qxe5 Rd2 27.Rb1 Bc5 28.h3 b6
29.a5 b5 30.Kh1 Rd8 31.Qc7 R2xd5 32.Qc6 Bxf2 33.Qxa6 Bg3 34.Rf1 Rf5 35.Rg1 b4
36.Qb6 Rb8 37.Qe3 Bf2 38.Qe4 Rxa5 39.Rf1 Bc5 40.Qd5 Ra7 41.Qxc5 Rab7 42.Qe5 b3
43.Qb2 Rb4 44.Rf3 h5 45.Rg3 g6 46.Re3 h4 47.Kg1 Rf4 48.Rxb3 Rxb3 49.Qxb3 Kh7
50.Qd5 Kh6 51.Qd6 Rf5 52.Qd4 g5 53.Qh8+ Kg6 54.g3 hxg3 55.Kg2 Rf4 56.Kxg3 Rh4
57.Qg8+ Kf6 58.Qd8+ Kg6 59.Qd6+ Kg7 60.Qe5+ Kg6 61.Qd5 Rf4  1/2-1/2

[Event "TCh-HUN 2005-6"]
[Site "Hungary HUN"]
[Date "2005.10.30"]
[Round "2"]
[White "Videki,S"]
[Black "Krutti,V"]
[Result "1/2-1/2"]
[WhiteElo "2406"]
[BlackElo "2381"]

1.e4 c5 2.Nf3 d6 3.Bb5+ Nd7 4.a4 Nf6 5.Nc3 a6 6.Bxd7+ Bxd7 7.d4 cxd4 8.Qxd4 e5
9.Qd3 h6 10.O-O Be6 11.Rd1 Be7 12.Nd2 Rc8 13.Nf1 O-O 14.Ne3 Qc7 15.Bd2 Rfd8
16.Rac1 Qc5 17.Be1 Rd7 18.Ned5 Bxd5 19.exd5 b5 20.Ra1 Rb7 21.axb5 axb5 22.b4 Qc7
23.Ra6 Qd7 24.Rda1 g6 25.Ra8 Bd8 26.R1a6 Rxa8 27.Rxa8 Kg7 28.Bd2 Bb6 29.h3 Ra7
30.Rxa7 Bxa7 31.Nd1 Bd4 32.Be3 Qb7 33.c3 Ba7 34.Bxa7 Qxa7 35.Qxb5 Qa2 36.Qd3 Nxd5
37.g3 h5 38.h4 Qb3 39.Qd2 f6 40.Kh2 Kf7 41.Ne3  1/2-1/2

[Event "5th Rohde Open"]
[Site "Sautron FRA"]
[Date "2005.10.30"]
[Round "9"]
[White "Tirard,H"]
[Black "Makarov,M"]
[Result "1/2-1/2"]
[WhiteElo "2435"]
[BlackElo "2511"]

1.e4 c5 2.Nf3 d6 3.Bb5+ Nd7 4.d4 Nf6 5.Nc3 cxd4 6.Qxd4 e5 7.Qd3 h6 8.O-O Be7
9.Rd1 O-O 10.Bc4 a6 11.a4 Qc7 12.Be3 Nc5 13.Bxc5 Qxc5 14.Nd5 Nxd5 15.Bxd5 Rb8
16.Qb3 b5 17.c4 b4 18.Ne1 a5 19.Qg3 Qc7 20.b3 Bf6 21.Nc2 Kh7 22.Qf3 Bd8 23.Ne3 g6
24.Kh1 Qe7 25.g4 Bb6 26.Rg1 Be6 27.Rg3 Bxe3 28.Qxe3 Bxd5 29.exd5  1/2-1/2

[Event "Corsica Masters Open"]
[Site "Bastia FRA"]
[Date "2005.10.31"]
[Round "2"]
[White "Fressinet,L"]
[Black "Bricard,H"]
[Result "1-0"]
[WhiteElo "2624"]
[BlackElo "2126"]

1.e4 c5 2.Nf3 d6 3.Bb5+ Bd7 4.Bxd7+ Qxd7 5.O-O Nc6 6.Qe2 Nf6 7.Rd1 e5 8.c3 Be7
9.d4 cxd4 10.cxd4 exd4 11.Nxd4 Nxd4 12.Rxd4 O-O 13.Nc3 Rfd8 14.Bf4 Qe6 15.Rad1 a6
16.Qd3 Rac8 17.h3 Rc6 18.Nd5 Bf8 19.Bg5 Rdc8 20.Bxf6 gxf6 21.b3 Kh8 22.Qf3 Bg7
23.Ne3 Bf8 24.Nf5 Qe5 25.Rd5 Rc3 26.Qg4  1-0

[Event "Autumn Open"]
[Site "St Petersburg RUS"]
[Date "2005.11.02"]
[Round "5"]
[White "Senkevich,K"]
[Black "Kuzmin,Y"]
[Result "1-0"]
[WhiteElo "2002"]
[BlackElo "2031"]

1.e4 c5 2.Nf3 d6 3.Bb5+ Bd7 4.Bxd7+ Nxd7 5.O-O Ngf6 6.Re1 g6 7.c3 Bg7 8.d4 cxd4
9.cxd4 d5 10.e5 Ne4 11.Nbd2 Nxd2 12.Bxd2 O-O 13.e6 fxe6 14.Rxe6 Nb6 15.Qe2 Bf6
16.Bb4 Rf7 17.Ne5 Bxe5 18.Rxe5 Rc8 19.Bxe7 Qd7 20.b3 Qc6 21.Bg5 Nd7 22.Re6 Qc3
23.Rd1 Qc2 24.g3 Nf8 25.Re5 Nd7 26.Re8+ Rxe8 27.Qxc2  1-0

[Event "9th Bavarian Open"]
[Site "Bad Wiessee GER"]
[Date "2005.11.03"]
[Round "6"]
[White "Levushkina,E"]
[Black "Bozic,Mi"]
[Result "1-0"]
[WhiteElo "2230"]
[BlackElo "2387"]

1.e4 c5 2.Nf3 d6 3.Bb5+ Nc6 4.O-O Bd7 5.c3 Nf6 6.Re1 a6 7.Bxc6 Bxc6 8.d4 Bxe4
9.Bg5 Bc6 10.Bxf6 gxf6 11.Nh4 Rg8 12.d5 Bd7 13.Qd3 Rg4 14.g3 Qc7 15.Qxh7 O-O-O
16.Nf5 Bxf5 17.Qxf5+ Qd7 18.Qf3 Rg5 19.Nd2 Qh3 20.c4 Rh5 21.Nf1 Rd7 22.b4 cxb4
23.Rab1 f5 24.Rxb4 Rc7 25.Reb1 f4 26.Qxf4 Qd7 27.Qxf7 Rf5 28.Qe6 Qxe6 29.dxe6 Bh6
30.f4 Bg7 31.Kg2 Bd4 32.Rd1 Bc5 33.Rb3 Rf6 34.Re1 a5 35.Re4 a4 36.Rb2 a3
37.Rbe2 b5 38.cxb5 Rb7 39.Ne3  1-0

[Event "9th Bavarian Open"]
[Site "Bad Wiessee GER"]
[Date "2005.11.05"]
[Round "8"]
[White "Keller,M1"]
[Black "Vrban,M"]
[Result "0-1"]
[WhiteElo "2183"]
[BlackElo "2319"]

1.e4 c5 2.Nf3 d6 3.Bb5+ Bd7 4.Bxd7+ Nxd7 5.O-O g6 6.d4 Bg7 7.c3 Qc7 8.Qe2 a6
9.a4 h6 10.Re1 g5 11.h3 e6 12.Nbd2 Ne7 13.Nf1 Ng6 14.Ng3 O-O-O 15.Nh5 Bf8
16.a5 Be7 17.b4 Nf6 18.Nxf6 Bxf6 19.e5 dxe5 20.dxe5 Bg7 21.b5 axb5 22.a6 Qb6
23.axb7+ Kxb7 24.Rb1 Kc6 25.Qe4+ Kc7 26.Be3 Qc6 27.Bxc5 Qxc5 28.Nd4 Rb8 29.Nxe6+ fxe6
30.Qxg6 Qe7 31.Qe4 Rhd8 32.Ra1 Qc5 33.Qg6 Bxe5 34.Qf7+ Rd7 35.Rxe5 Rxf7 36.Rxc5+ Kd6
37.Rxb5 Rxb5 38.Ra6+ Ke5  0-1

[Event "FSIMB November"]
[Site "Budapest HUN"]
[Date "2005.11.05"]
[Round "1"]
[White "Werner,Di"]
[Black "Nagy,Ben"]
[Result "1/2-1/2"]
[WhiteElo "2376"]
[BlackElo "2327"]

1.e4 c5 2.Nf3 d6 3.Bb5+ Nd7 4.O-O Nf6 5.Re1 e5 6.c3 a6 7.Bf1 Be7 8.d4 O-O
9.a4 Re8 10.dxe5 Nxe5 11.Nxe5 dxe5 12.Qxd8 Bxd8 13.a5 Be6 14.Nd2 Nd7 15.Bc4 b5
16.axb6 Nxb6 17.Bxe6 Rxe6 18.Nb3 c4 19.Na5 Rc8 20.Nb7 Na8 21.Nxd8 Rxd8 22.Ra4 Rc6
23.f4 exf4 24.Bxf4 f6 25.e5 Re8 26.Kf2 g5 27.Bg3 f5 28.h4 h6 29.hxg5 hxg5
30.Rd1 Nc7 31.Rd4 f4 32.Bh2 Rxe5 33.Raxc4 Rxc4 34.Rxc4 Nd5 35.g3 fxg3+ 36.Bxg3 Rf5+
37.Ke2 Kf7 38.Rc6 Rf6 39.Rc5 Rf5 40.Rc6 Rf6  1/2-1/2

[Event "TCh-BEL 2005-6"]
[Site "Belgium BEL"]
[Date "2005.11.06"]
[Round "3"]
[White "Glek,I"]
[Black "Sprenger,J"]
[Result "*"]
[WhiteElo "2566"]
[BlackElo "2505"]

1.e4 c5 2.Nf3 d6 3.Bb5+ Bd7 4.Bxd7+ Qxd7 5.O-O Nf6 6.d3 g6 7.Re1 Nc6 8.c3 Bg7
9.d4 cxd4 10.cxd4 O-O 11.Nc3 Rac8 12.h3 d5 13.Ne5 Qd8 14.Nxc6 bxc6 15.e5 Nd7
16.Be3 e6 17.Rc1 f6 18.exf6 Qxf6 19.Qa4 Nb6 20.Qxa7 Nc4 21.Ne4 Qf5 22.Rxc4 dxc4
23.Nd6 Ra8 24.Qxa8 Rxa8 25.Nxf5 exf5 26.Rc1 Rxa2 27.Rxc4 Rxb2 28.Rxc6 f4
29.Bxf4 Bxd4 30.Be3 Rb4 31.Rc8+ Kf7 32.Rc7+ Kg8 33.Rd7 Be5 34.g3 h5 35.Kg2 Bf6
36.f4 Rb3 37.Kf3 Ra3 38.g4 hxg4+ 39.hxg4 Ra4 40.g5 Ba1 41.Bc5 Rc4 42.Be7 Bg7
43.Rb7 Rc3+ 44.Kg4 Rc6 45.Rd7 Rc4 46.Bd6 Re4 47.Kf3 Re1 48.Rb7 Re6 49.Bc5 Rc6
50.Rb5 Re6 51.Rb8+ Kf7 52.Rb7+ Kg8 53.Rd7 Re1 54.Rb7 Re6 55.Ba7 Re8 56.Bb8 Bd4
57.Rb5 Re3+ 58.Kg4 Kf7 59.Rb7+ Re7 60.Rb4 Bc3 61.Rb3 Bd4 62.Rb1 Re6 63.Rd1 Re4
64.Rd3 Bg7 65.Rd7+ Re7 66.Rd1 Rb7 67.Rd8 Bb2 68.Bd6 Ra7 69.Rf8+ Ke6 70.Bc5 Rc7
71.Be3 Rc4 72.Rb8 Bg7 73.Rb7 Bc3 74.Kf3 Ba1 75.Bd2 Bh8 76.Bb4  *

[Event "FSGM November"]
[Site "Budapest HUN"]
[Date "2005.11.06"]
[Round "2"]
[White "Slavina,I"]
[Black "Ilincic,Z"]
[Result "1/2-1/2"]
[WhiteElo "2385"]
[BlackElo "2540"]

1.e4 c5 2.Nf3 d6 3.Bb5+ Nd7 4.O-O Nf6 5.Re1 a6 6.Bf1 e5 7.c3 Be7 8.d4 O-O
9.a4 b6 10.dxe5 Nxe5 11.Nxe5 dxe5 12.Qxd8 Bxd8 13.Bg5 Bb7 14.Nd2 Rb8 15.f3 Nd7
16.Bxd8 Rfxd8 17.Red1 Kf8 18.Nc4 b5 19.axb5 axb5 20.Ne3 c4 21.Ra5 Bc6 22.Rd6 Rdc8
23.Ra6 Bb7 24.Ra5 Bc6 25.Ra6 Bb7  1/2-1/2

[Event "1st Open"]
[Site "Piacenza ITA"]
[Date "2005.11.06"]
[Round "5"]
[White "Salami,M"]
[Black "Barberi,A"]
[Result "1/2-1/2"]
[WhiteElo "2202"]
[BlackElo "2110"]

1.e4 c5 2.Nf3 d6 3.Bb5+ Bd7 4.Bxd7+ Qxd7 5.O-O Nc6 6.c3 e5 7.d4 Nf6 8.Re1 Be7
9.Na3 O-O 10.Bg5 Rad8 11.dxc5 dxc5 12.Qxd7 Nxd7 13.Bxe7 Nxe7 14.Nc4 f6 15.Rad1 Nb6
16.Na5 Rxd1 17.Rxd1 Rb8 18.Ne1 Kf8 19.b3 Nbc8 20.Rd8+ Kf7 21.Nc2 b6 22.Nc4 Rb7
23.N2e3 Ke6 24.Nf5 g6 25.Ng7+ Kf7 26.Ne8 Ke6 27.Ncd6 Nxd6 28.Rxd6+ Kf7 29.Nxf6 Nc8
30.Rd7+ Rxd7 31.Nxd7 Nd6 32.f3 Nb5 33.c4 Nc3 34.Nxe5+ Ke6 35.Nc6 a5 36.a4 Ne2+
37.Kf2 Nc1 38.Ke3 Nxb3 39.f4 Nc1 40.g4 Na2 41.Kd2 Nb4 42.Na7 g5 43.fxg5 Ke5
44.h4 Kf4 45.Nc8 Kxg4 46.Nxb6 Kxh4 47.Nd7 Kxg5 48.Ke3 h5 49.Nxc5 Kg4 50.e5 Nc6
51.Ke4 h4 52.Nd3 Kg3 53.Nf4 Ne7 54.e6 Nc6 55.Nh5+ Kg4 56.Nf6+ Kg3 57.Nd5 h3
58.Ne3 Ne7 59.c5 Nc6 60.Nf5+ Kf2  1/2-1/2

[Event "1st GM"]
[Site "Scanno ITA"]
[Date "2005.11.07"]
[Round "1"]
[White "Mogranzini,R"]
[Black "Franchini,G"]
[Result "1/2-1/2"]
[WhiteElo "2353"]
[BlackElo "2315"]

1.e4 c5 2.Nf3 d6 3.Bb5+ Bd7 4.Bxd7+ Qxd7 5.c4 Nf6 6.Nc3 Nc6 7.d4 cxd4 8.Nxd4 g6
9.f3 Bg7 10.Be3 O-O 11.O-O Rfc8 12.b3 Qd8 13.Qd2 Nd7 14.Nxc6 bxc6 15.Rad1 Qa5
16.Na4 Qxd2 17.Rxd2 c5 18.Rc1 Rcb8 19.Kf1 Ne5 20.Nc3 Nc6 21.Nd5 Rb7 22.f4  1/2-1/2

[Event "WJun Girls"]
[Site "Instanbul TUR"]
[Date "2005.11.09"]
[Round "1"]
[White "Raghavi,N"]
[Black "Karavade,E"]
[Result "0-1"]
[WhiteElo "2104"]
[BlackElo "2348"]

1.e4 c5 2.Nf3 d6 3.Bb5+ Nd7 4.d4 Nf6 5.Nc3 a6 6.Bxd7+ Nxd7 7.Bg5 h6 8.Bh4 g5
9.Bg3 Bg7 10.dxc5 Nxc5 11.Qd2 O-O 12.Nd4 Bd7 13.O-O Qb6 14.Rad1 Qxb2 15.f3 Ne6
16.Bf2 Bc6 17.Rb1 Qa3 18.Rb3 Qa5 19.Nf5 Rfe8 20.h4 Nc5 21.Bxc5 Qxc5+ 22.Kh1 e6
23.Qxd6 Qxd6 24.Nxd6 Red8 25.Nc4 b5 26.Ne3 gxh4 27.Rd1 b4 28.Ne2 Rxd1+ 29.Nxd1 Rd8
30.Ne3 Rd2 31.Nf4 Bc3 32.Nd3 a5 33.Nc4 Rd1+ 34.Kh2 a4  0-1

[Event "Bundesliga 2005-6"]
[Site "Leipzig GER"]
[Date "2005.11.12"]
[Round "3"]
[White "Glek,I"]
[Black "Roos,M GER"]
[Result "1-0"]
[WhiteElo "2566"]
[BlackElo "2371"]

1.e4 c5 2.Nf3 d6 3.Bb5+ Bd7 4.Bxd7+ Qxd7 5.O-O Nc6 6.d3 g6 7.c3 Nf6 8.Re1 Bg7
9.d4 cxd4 10.cxd4 d5 11.e5 Ne4 12.Nc3 Nxc3 13.bxc3 Nd8 14.h4 h5 15.Ng5 Ne6
16.Nxe6 Qxe6 17.Rb1 b6 18.Qa4+ Qd7 19.Qc2 Qe6 20.c4 O-O 21.c5 bxc5 22.dxc5 Rfc8
23.Bb2 Rab8 24.Bd4 Rxb1 25.Qxb1 Qa6 26.Qb3 e6 27.a4 Bf8 28.Qb5 Rc6 29.Rc1 Qc8
30.g3 Be7 31.Kg2 Kg7 32.Rc3 Kg8 33.a5 a6 34.Qa4 Kg7 35.Kh2 Qc7 36.Rb3 Bd8
37.Rb6 Rxc5 38.Qe8 Rc4 39.Be3 Qe7 40.Qxe7 Bxe7 41.Rxa6 d4 42.Bf4 Rc7 43.Ra8 g5
44.hxg5 Kg6 45.a6 Kf5 46.a7 Bc5 47.g6  1-0

[Event "TCh-HUN 2005-6"]
[Site "Hungary HUN"]
[Date "2005.11.13"]
[Round "3"]
[White "Boros,De"]
[Black "Szabo,Kr1"]
[Result "1-0"]
[WhiteElo "2460"]
[BlackElo "2390"]

1.e4 c5 2.Nf3 d6 3.Bb5+ Bd7 4.Bxd7+ Nxd7 5.O-O Ngf6 6.Qe2 e6 7.b3 Be7 8.d4 cxd4
9.Nxd4 O-O 10.c4 a6 11.Nc3 Rc8 12.Bb2 Qc7 13.Kh1 Rfe8 14.f4 Bf8 15.Rae1 e5
16.fxe5 Rxe5 17.Nf5 Qd8 18.Qf3 Re6 19.Nd5 Qe8 20.Qg3 Kh8 21.Qg5 Rc5 22.Bd4 Rxd5
23.cxd5 Rxe4 24.Qg3 Re2 25.Qc3 Qe4 26.Rxe2 Qxe2 27.Re1 Qh5 28.Bxf6 gxf6 29.Qf3 Qxf3
30.gxf3 Nb6 31.h4 Nxd5 32.Re8 Kg8 33.h5 h6 34.Nxh6+ Kh7 35.Nf5 Bh6 36.Nxd6  1-0

[Event "TCh-HUN 2005-6"]
[Site "Hungary HUN"]
[Date "2005.11.13"]
[Round "3"]
[White "Pergel,L"]
[Black "Szalanczy,E"]
[Result "1/2-1/2"]
[WhiteElo "2341"]
[BlackElo "2369"]

1.e4 c5 2.Nf3 d6 3.Bb5+ Nd7 4.O-O a6 5.Bxd7+ Qxd7 6.d4 Nf6 7.Re1 cxd4 8.Qxd4 g6
9.Nc3 Bg7 10.Nd5 e5 11.Qd3 Nxd5 12.Qxd5 Qc6 13.Qxc6+ bxc6 14.c4  1/2-1/2

[Event "WJun"]
[Site "Instanbul TUR"]
[Date "2005.11.14"]
[Round "6"]
[White "Papin,V"]
[Black "Akshat,K"]
[Result "1-0"]
[WhiteElo "2425"]
[BlackElo "2275"]

1.e4 c5 2.Nf3 d6 3.Bb5+ Nd7 4.d4 Nf6 5.Nc3 cxd4 6.Qxd4 g6 7.Bg5 Bg7 8.e5 dxe5
9.Nxe5 O-O 10.O-O-O Qb6 11.Nxd7 Qxd4 12.Rxd4 Nxd7 13.Rxd7 a6 14.Ba4 Bxd7
15.Bxd7 Rfd8 16.Rd1 Bxc3 17.bxc3 Kf8 18.Be3 Kg7 19.Bd4+ f6 20.Bb6 Rdb8 21.Be6 f5
22.Rd7 Kf6 23.Bd5 Re8 24.c4 Rac8 25.c5 e6 26.Bxb7 Rb8 27.c6  1-0

[Event "WJun Girls"]
[Site "Instanbul TUR"]
[Date "2005.11.16"]
[Round "7"]
[White "Bulmaga,I"]
[Black "Pavlogianni,D"]
[Result "1-0"]
[WhiteElo "2122"]
[BlackElo "1989"]

1.e4 c5 2.Nf3 d6 3.Bb5+ Bd7 4.Bxd7+ Qxd7 5.O-O Nc6 6.c3 Nf6 7.Qe2 e6 8.d4 cxd4
9.cxd4 d5 10.e5 Ne4 11.Be3 Be7 12.Ne1 f6 13.f3 Ng5 14.Nc3 fxe5 15.dxe5 Nf7
16.f4 O-O 17.Rd1 Nh6 18.Kh1 Nf5 19.Bg1 Qe8 20.g4 Nh6 21.Ng2 Bb4 22.Nb5 Qe7
23.a3 Bc5 24.Bxc5 Qxc5 25.b4 Qb6 26.Nd6 Ne7 27.h3 a6 28.Nh4 Nc8 29.g5 Nf7
30.Nxf7 Kxf7 31.f5 Kg8 32.f6 g6 33.Qd3 Kf7 34.Nf3 Na7 35.Nh2 Nc6 36.Ng4 Rac8
37.Qb3 Nd4 38.Qe3 Rc4 39.Rf4 Rfc8 40.Rfxd4  1-0

[Event "WJun"]
[Site "Instanbul TUR"]
[Date "2005.11.17"]
[Round "8"]
[White "Papin,V"]
[Black "Kvon,A"]
[Result "1/2-1/2"]
[WhiteElo "2425"]
[BlackElo "2293"]

1.e4 c5 2.Nf3 d6 3.Bb5+ Bd7 4.Bxd7+ Nxd7 5.O-O g6 6.c3 Ngf6 7.Qe2 Bh6 8.d4 Bxc1
9.Rxc1 e5 10.dxe5 dxe5 11.Rd1 Qe7 12.a4 O-O 13.Na3 Nb8 14.Nc4 Nc6 15.Ne3 Rad8
16.Nd5 Qd6 17.Nxf6+ Qxf6 18.Rd5 b6 19.Rad1 Qe6 20.Qa6 Qg4 21.Qb7 Rxd5 22.exd5 Nd8
23.Qe7 Qxa4 24.Re1 Re8 25.Qc7 e4 26.Ne5 Kg7 27.Ng4 h5 28.Ne3 Qa6 29.Qd7 Kf8
30.Qd6+ Kg7 31.g4 Qb7 32.gxh5 Qe7 33.Qg3 Qe5 34.hxg6 fxg6 35.Ra1 Qxg3+ 36.hxg3 Re7
37.b4 cxb4 38.cxb4 Nf7 39.Kf1 Kf6 40.Ke2 Ke5 41.Rc1 Nd6 42.Rc6 Nb7 43.g4  1/2-1/2

[Event "TCh-AUT 2005-6"]
[Site "Austria AUT"]
[Date "2005.11.18"]
[Round "1"]
[White "Hoellrigl,W"]
[Black "Karner,C"]
[Result "0-1"]
[WhiteElo "2273"]
[BlackElo "2338"]

1.e4 c5 2.Nf3 d6 3.Bb5+ Bd7 4.Bxd7+ Qxd7 5.O-O Nf6 6.e5 dxe5 7.Nxe5 Qc8 8.Nc3 e6
9.d4 Nc6 10.Nxc6 Qxc6 11.dxc5 Bxc5 12.Qe2 O-O 13.Be3 Bxe3 14.Qxe3 b5 15.Rac1 Rfc8
16.h3 b4 17.Nb1 Nd5 18.Qf3 Qc4 19.b3 Qd4 20.a4 Rc6 21.Qd3 Qb2 22.Nd2 Qc3
23.Qxc3 Nxc3 24.Rce1 Nd5 25.Rc1 Rac8 26.Nc4 Kf8 27.a5 Nc3 28.Rce1 Rc5 29.Re3 Rd8
30.f4 g6 31.g3 h5 32.h4 Rd4 33.Rfe1 Rcd5 34.Kf2 Nd1+ 35.Rxd1 Rxd1 36.Re4 Rc1
37.Ne3 Rxa5 38.Rxb4 Raa1 39.Kf3 a5 40.Rc4 Kg7 41.Rd4 Rh1 42.Rc4 Rh2 43.Rc5 a4
44.bxa4 Rxa4 45.Rc3 Ra1 46.Rc7 Re1 47.Rc6 Ree2 48.Rc7 Kf8 49.Rc8+ Ke7 50.Rc7+ Ke8
51.Ke4 Rd2 52.Nc4 Rde2+ 53.Kd4 f6 54.c3 Rhg2 55.Nd6+ Kd8 56.Nb5 Rd2+ 57.Kc4 Rxg3
58.Rf7 Rg4 59.Kc5 Rxf4 60.Nc7 Rf3 61.c4 Rd7 62.Nxe6+ Ke8  0-1

[Event "TCh-AUT 2005-6"]
[Site "Austria AUT"]
[Date "2005.11.18"]
[Round "1"]
[White "Pavasovic,D"]
[Black "Balogh,C"]
[Result "1/2-1/2"]
[WhiteElo "2527"]
[BlackElo "2567"]

1.e4 c5 2.Nf3 d6 3.Bb5+ Bd7 4.Bxd7+ Nxd7 5.O-O Ngf6 6.Qe2 e6 7.d4 cxd4 8.Nxd4 a6
9.c4 Rc8 10.b3 g6 11.Rd1 Bg7 12.Ba3 Qb6 13.Nc3 Nc5 14.b4 Ncd7 15.Rac1 O-O
16.c5 dxc5 17.Na4 Qc7 18.bxc5 Rfd8 19.c6 Ne5 20.cxb7  1/2-1/2

[Event "WJun"]
[Site "Instanbul TUR"]
[Date "2005.11.18"]
[Round "9"]
[White "Lettieri,G"]
[Black "Krivokapic,M"]
[Result "1/2-1/2"]
[WhiteElo "2265"]
[BlackElo "2361"]

1.e4 c5 2.Nf3 d6 3.Bb5+ Nd7 4.d4 Nf6 5.Nc3 cxd4 6.Qxd4 e6 7.Bg5 Be7 8.O-O-O h6
9.Bh4 a6 10.Bxd7+ Bxd7 11.e5 dxe5 12.Nxe5 Bc6 13.Nxc6 bxc6 14.Qa4  1/2-1/2

[Event "It"]
[Site "Sao Paulo BRA"]
[Date "2005.11.18"]
[Round "9"]
[White "Galego,L"]
[Black "Fier,A"]
[Result "1/2-1/2"]
[WhiteElo "2518"]
[BlackElo "2443"]

1.e4 c5 2.Nf3 d6 3.Bb5+ Bd7 4.Bxd7+ Qxd7 5.O-O Nc6 6.Re1 e6 7.c3 Nf6 8.d4 cxd4
9.cxd4 d5 10.e5 Ne4 11.Nbd2 Nxd2 12.Bxd2 Be7 13.a3 O-O 14.Re3 Rfc8 15.h4 h6
16.Rc1 Nd8 17.Bc3 b5 18.g3 a5 19.Bd2 Rxc1 20.Qxc1 Rc8 21.Rc3 Rxc3 22.Qxc3 b4
23.axb4 Bxb4 24.Qb3 Qb5 25.Bxb4 axb4 26.Qa2 Kf8 27.Qa8 Ke8 28.Kg2 Qc6 29.Qb8 Qc4
30.g4 b3 31.Qa8 Qc2 32.Qa4+ Ke7 33.Qb4+ Ke8 34.Qa4+ Ke7  1/2-1/2

[Event "TCh-AUT 2005-6"]
[Site "Austria AUT"]
[Date "2005.11.19"]
[Round "2"]
[White "Kuba,G"]
[Black "Danner,G"]
[Result "1/2-1/2"]
[WhiteElo "2406"]
[BlackElo "2408"]

1.e4 c5 2.Nf3 d6 3.Bb5+ Bd7 4.Bxd7+ Qxd7 5.O-O Nc6 6.c3 d5 7.exd5 Qxd5 8.d4 e6
9.Be3 cxd4 10.cxd4 Nf6 11.Nc3 Qa5 12.Bg5 Be7 13.Qb3 Qb4 14.Qc2 O-O 15.Bxf6 Bxf6
16.d5  1/2-1/2

[Event "4NCL 2005-06"]
[Site "Birmingham ENG"]
[Date "2005.11.19"]
[Round "3"]
[White "Ansell,S"]
[Black "Collins,S IRL"]
[Result "0-1"]
[WhiteElo "2408"]
[BlackElo "2400"]

1.e4 c5 2.Nf3 d6 3.Bb5+ Bd7 4.Bxd7+ Qxd7 5.O-O Nf6 6.Re1 e6 7.e5 Nd5 8.Na3 Nc6
9.Nc4 Be7 10.exd6 Bxd6 11.Nxd6+ Qxd6 12.d4 O-O 13.c4 Nf6 14.dxc5 Qxc5 15.b3 Rfd8
16.Be3 Rxd1 17.Bxc5 Rxa1 18.Rxa1 Rd8 19.Kf1 b6 20.Be3 Ng4 21.Bf4 e5 22.h3 Nxf2
23.Nxe5 Nxe5 24.Bxe5 Ne4 25.g4 f6 26.Bf4 Rd3 27.Kg2 Kf7 28.Re1 Nc5 29.Be3 Rc3
30.Kf3 Nd3 31.Rd1 Nb4 32.Ke4 Ke6 33.Rd2 g6 34.h4 Nc6 35.Re2 Ne5 36.Kf4 h6
37.Kg3 Kf7 38.g5 hxg5 39.hxg5 f5 40.Kg2 Nc6 41.Bf4 Rd3 42.Rd2 Rxd2+ 43.Bxd2 Nd4
44.Bc3 Ne6 45.Be5 Ke7 46.Bf6+ Kd6 47.Kf3 Kc5 48.Ke3 Kb4 49.Be7+ Kc3 50.Bf6+ Kc2
51.b4 Kb1 52.Be7 Kxa2 53.c5 bxc5 54.bxc5 a5 55.c6 a4 56.Bd6 a3 57.Kd3 Kb3
58.Be5 a2 59.Bc3 f4 60.Ba1 Kb4 61.Ke4 Kc5 62.c7 Nxc7 63.Kxf4 Kd5 64.Ke3 Kc4
65.Ke4 Ne6 66.Ke5 Nxg5 67.Kf6 Nf3 68.Kxg6 Kd3 69.Kf5 Ne1 70.Ke5 Kc2 71.Kd4 Nd3
72.Kc4 Nb2+  0-1

[Event "WJun"]
[Site "Instanbul TUR"]
[Date "2005.11.19"]
[Round "10"]
[White "Laznicka,V"]
[Black "Li Chao"]
[Result "1-0"]
[WhiteElo "2517"]
[BlackElo "2320"]

1.e4 c5 2.Nf3 d6 3.Bb5+ Bd7 4.Bxd7+ Qxd7 5.c4 Nf6 6.Nc3 g6 7.d4 cxd4 8.Nxd4 Bg7
9.f3 O-O 10.Be3 Nc6 11.O-O Rfc8 12.Nde2 Qd8 13.b3 Nd7 14.Kh1 Qa5 15.Qd2 a6
16.a4 Nc5 17.Rab1 Qb4 18.Qc2 Qa5 19.Rfd1 Nb4 20.Qd2 Qd8 21.Nf4 Rab8 22.Nfd5 Nxd5
23.Nxd5 b6 24.Bg5 Rb7 25.Qe2 h6 26.Bh4 Ne6 27.b4 Nd4 28.Qa2 Ne6 29.b5 axb5
30.cxb5 Nd4 31.Bf2 Rc2 32.Rb2 Rxb2 33.Qxb2 Nxf3 34.Qc2 Ng5 35.Rc1 e6 36.Qc8 Qxc8
37.Rxc8+ Kh7 38.Rc7 Rb8 39.Nxb6 Nxe4 40.Bg1 Nc3 41.Rxf7 Kg8 42.Rc7 d5 43.Rc8+ Rxc8
44.Nxc8 d4 45.b6 d3 46.Be3 Nxa4 47.b7 Be5 48.Ne7+ Kh7 49.Nc6 Bd6 50.Kg1 Nb6
51.Kf2 Nd7 52.h3 Nb8 53.Nxb8 Bxb8 54.Kf3 h5 55.Ke4 Kg7 56.Kxd3 Kf6 57.Kd4 e5+
58.Kd5 Ke7 59.Bg5+ Kf7 60.Bd8 Kg7 61.Be7 Kh6 62.Bd6 Ba7 63.Kxe5  1-0

[Event "WJun"]
[Site "Instanbul TUR"]
[Date "2005.11.19"]
[Round "10"]
[White "Lettieri,G"]
[Black "Wei Chenpeng"]
[Result "1-0"]
[WhiteElo "2265"]
[BlackElo "2390"]

1.e4 c5 2.Nf3 d6 3.Bb5+ Nc6 4.d4 cxd4 5.Qxd4 Bd7 6.Bxc6 Bxc6 7.Nc3 Nf6 8.Bg5 e6
9.O-O-O Be7 10.Rhe1 O-O 11.Qd2 Qc7 12.Nd4 Rfd8 13.f3 Rab8 14.g4 Be8 15.Nce2 b5
16.Ng3 b4 17.Nh5 Nxh5 18.gxh5 Bxg5 19.Qxg5 h6 20.Qg4 Qa5 21.Rg1 Qg5+ 22.Qxg5 hxg5
23.Rxg5 f6 24.Ra5 e5 25.Nf5 Bxh5 26.Rxa7 g5 27.Rd3 Ra8 28.Rxa8 Rxa8 29.a3 bxa3
30.bxa3 Ra6 31.Kb2 Rb6+ 32.Kc1 Kf7 33.Nxd6+ Ke6 34.Nf5 Bg6 35.Ne3 Rb8 36.Rb3 Rxb3
37.cxb3 Bh5 38.Ng4 f5 39.exf5+ Kxf5 40.Kd2 Kf4 41.h3 Bf7 42.b4 Bd5 43.b5 Bxf3
44.a4 Bb7 45.a5 Bg2 46.a6 Bf1 47.a7 Bg2 48.Ne3 Bb7 49.Nc4 Kg3 50.Nd6 Bd5
51.b6  1-0

[Event "55th ch-GRE"]
[Site "Kalamata GRE"]
[Date "2005.11.19"]
[Round "4"]
[White "Kotrotsos,V"]
[Black "Nikolaidis,I"]
[Result "0-1"]
[WhiteElo "2339"]
[BlackElo "2521"]

1.e4 c5 2.Nf3 d6 3.Bb5+ Nc6 4.c3 Nf6 5.Qe2 Bd7 6.d4 cxd4 7.cxd4 a6 8.Bxc6 Bxc6
9.Nc3 d5 10.Ne5 Rc8 11.Nxc6 Rxc6 12.e5 Ng8 13.Bg5 h6 14.Be3 e6 15.O-O Ne7
16.Rfc1 Nf5 17.Rc2 Be7 18.Rac1 Qa5 19.a3 O-O 20.Nb1 Rxc2 21.Rxc2 f6 22.g4 Nxe3
23.Qxe3 fxe5 24.Qxe5 Qb6 25.Re2 Bf6 26.Qxe6+ Qxe6 27.Rxe6 Bxd4 28.Re2 Rf4
29.h3 Rf3 30.Nd2 Rxh3 31.Kg2 Rd3 32.Nf3 Bf6 33.Ne5 Rb3 34.f4 Bxe5 35.Rxe5 Rxb2+
36.Kf1 Rd2 37.g5 Kf7 38.Ke1 Rd4 39.gxh6 gxh6 40.Rf5+ Ke6 41.Rh5 Rxf4 42.Rxh6+ Rf6
43.Rh3 Ke5 44.Kd2 Rf4 45.Rh6 Rf2+ 46.Ke3 Ra2 47.Rb6 d4+ 48.Kd3 Rxa3+ 49.Kd2 Ke4
50.Re6+ Kd5 51.Rb6 Kc4 52.Rxb7 Ra2+ 53.Kd1 Kc3  0-1

[Event "WJun"]
[Site "Instanbul TUR"]
[Date "2005.11.21"]
[Round "12"]
[White "Papin,V"]
[Black "Jojua,D"]
[Result "1/2-1/2"]
[WhiteElo "2425"]
[BlackElo "2337"]

1.e4 c5 2.Nf3 d6 3.Bb5+ Bd7 4.Bxd7+ Qxd7 5.O-O Nc6 6.c3 Nf6 7.d4 Nxe4 8.d5 Ne5
9.Re1 Nxf3+ 10.Qxf3 Nf6 11.c4 e5 12.dxe6 fxe6 13.Bg5 Be7 14.Nc3 h6 15.Bh4 O-O
16.Qh3 g5 17.Bg3 e5 18.Qxh6 Qf5 19.f3 Rf7 20.Nd1 Bf8 21.Ne3 Bxh6 22.Nxf5 Bf8
23.Bf2 Rb8 24.Rad1 Ne8 25.g4 b5 26.cxb5 Rxb5 27.b3 Rf6 28.h4 gxh4 29.Bxh4 Re6
30.Ne3 Rb7 31.Rd5 Nc7  1/2-1/2

[Event "WJun"]
[Site "Instanbul TUR"]
[Date "2005.11.22"]
[Round "13"]
[White "Lettieri,G"]
[Black "Nava,R"]
[Result "0-1"]
[WhiteElo "2265"]
[BlackElo "2317"]

1.e4 c5 2.Nf3 d6 3.Bb5+ Bd7 4.Bxd7+ Qxd7 5.O-O Nc6 6.c3 Nf6 7.Re1 e6 8.d4 cxd4
9.cxd4 d5 10.e5 Ne4 11.Nbd2 Nxd2 12.Bxd2 Be7 13.Rc1 O-O 14.Rc3 Rfc8 15.a3 b5
16.Rd3 b4 17.h4 Na5 18.Nh2 Nc4 19.Bc1 bxa3 20.bxa3 Rab8 21.Rg3 Rb1 22.Ng4 Kh8
23.Nf6 Bxf6 24.exf6 g6 25.Qf3 Nd6 26.Bd2 Rxe1+ 27.Bxe1 Nf5 28.Bb4 Nxd4 29.Qg4 Nf5
30.Rf3 Rc1+ 31.Kh2 Rc4 32.Qg5 h6 33.Qd2 Rxh4+ 34.Kg1 Kh7 35.Rc3 Qd8 36.g3 Rd4
37.Qe2 a5 38.Be7 Nxe7 39.fxe7 Qxe7 40.Qb5 a4 41.Rc8 h5 42.Kg2 h4 43.Qe2 Qf6
44.Rc3 Re4 45.Qc2 Re2 46.Qxe2 Qxc3 47.Qg4 Qxa3 48.Qxh4+ Kg8  0-1

[Event "WJun Girls"]
[Site "Instanbul TUR"]
[Date "2005.11.22"]
[Round "13"]
[White "Gutierrez Castillo,P"]
[Black "Bensdorp,L"]
[Result "1-0"]
[WhiteElo "2127"]
[BlackElo "2090"]

1.e4 c5 2.Nf3 d6 3.Bb5+ Nc6 4.O-O Bd7 5.c3 Nf6 6.Re1 a6 7.Ba4 c4 8.d4 cxd3
9.Bg5 b5 10.Bb3 e6 11.Qxd3 Be7 12.Nbd2 h6 13.Bh4 g5 14.Bg3 e5 15.Nf1 Na5
16.Rad1 Qc7 17.Ne3 Rd8 18.Bd5 Be6 19.Nd2 h5 20.f3 h4 21.Bf2 Nh5 22.g3 Qc8
23.Nf5 Nc4 24.Nxc4 bxc4 25.Qc2 hxg3 26.hxg3 Nf6 27.Qa4+ Kf8 28.Bxe6 fxe6
29.Nxe7 Kxe7 30.g4 Rh7 31.Kg2 Rdh8 32.Rh1 Rxh1 33.Rxh1 Rxh1 34.Kxh1 Kf7 35.Be3 Kg6
36.Qc2 Qc6 37.Kg1 a5 38.b3 Nd7 39.Qd2 cxb3 40.axb3 Nc5 41.Qh2 Kg7 42.Bxg5 Qb6
43.Qh6+ Kg8 44.Qg6+ Kf8 45.Kg2 Qxb3 46.Qf6+ Kg8 47.Qd8+ Kg7 48.Qe7+ Kg8 49.Bf6 Qb7
50.Qe8+ Kh7 51.g5  1-0

[Event "WJun"]
[Site "Instanbul TUR"]
[Date "2005.11.22"]
[Round "13"]
[White "Moradiabadi,E"]
[Black "Krivokapic,M"]
[Result "1-0"]
[WhiteElo "2497"]
[BlackElo "2361"]

1.e4 c5 2.Nf3 d6 3.Bb5+ Nd7 4.d4 Nf6 5.Nc3 a6 6.Bxd7+ Nxd7 7.O-O e6 8.Bg5 Qc7
9.d5 e5 10.a4 b6 11.Nd2 h6 12.Bh4 g6 13.Nc4 Bg7 14.Qd2 Rb8 15.Na3 O-O 16.Be7 Nf6
17.Bxf8 Bxf8 18.Qd3 Bg7 19.b3 Nh5 20.Ne2 f5 21.f3 Qe7 22.Nc4 Bd7 23.c3 Nf6
24.Nd2 Ra8 25.b4 cxb4 26.cxb4 b5 27.a5 Rf8 28.Rac1 h5 29.Rc7 Bh6 30.Ra7 h4
31.h3 Ne8 32.Rxa6 Qg5 33.f4 exf4 34.Nf3 Qe7 35.e5 dxe5 36.Rxg6+ Kh7 37.d6  1-0